000
00486nam a2200169Ia 4500
008
090124s9999 xx 000 0 und d
082
_b
6480
_a
88
100
_a
काणेकर अनंत
245
_a
हिरवे कंदिल
250
_a
1
260
_c
1944
600
_a
काणेकर अनंत
630
_a
हिरवे कंदिल
700
_a
काणेकर अनंत
730
_a
हिरवे कंदिल
942
_c
BOOK
999
_c
120421
_d
120421